000 00313nam a2200133Ia 4500
005 20251222141912.0
008 251222s9999||||xx |||||||||||||| ||spa||
020 _a958-42-0323-1
082 _a658.314/T53
100 _aTierno, Bernabé
245 0 _aConseguir el Éxito:
264 _bTemas de Hoy
942 _cLIB
999 _c8420
_d8420